000 00727nam a22002417a 4500
003 UA-OsUOA
001 118291
007 ta
008 20160728b un ||||| |||| 00| 0 ukr d
100 _aБогдан І.В.
700 _aЯра Т.Ю.
700 _aКоноваленко Д.В.
090 _a330(477)
_bБ73
942 _cSA
040 _aUA-OsUOA
_bukr
_cUA-OsUOA
_dUA-OsUOA
245 _aДіагностика стану сектору загальнодержавного управління України
300 _aС.27-50
955 _a0
041 _aukr
080 _a330(477)
773 0 _w118289
_tФінанси України
_dК.
_d2016
_g4
650 7 _a330 Економіка взагалі
_2UDC
999 _c404358
_d404358